LIBRARY & INFORMATION CENTRE, KCAET, TAVANUR

ONLINE PUBLIC ACCESS CATALOGUE (OPAC)

Fundamentals of Engineering heat and mass transfer / (Record no. 278)

MARC details
000 -LEADER
fixed length control field 00668cam a2200253ua 4500
020 ## - INTERNATIONAL STANDARD BOOK NUMBER
ISBN 81-224-0076-0
041 ## - LANGUAGE CODE
Language code of text/sound track or separate title eng
082 ## - DEWEY DECIMAL CLASSIFICATION NUMBER
Classification number 621.4022
Item number SAC/FU
100 ## - MAIN ENTRY--AUTHOR NAME
Personal name Sachdeva , R C .
245 ## - TITLE STATEMENT
Title Fundamentals of Engineering heat and mass transfer /
250 ## - EDITION STATEMENT
Edition statement 1 /
260 ## - PUBLICATION, DISTRIBUTION, ETC. (IMPRINT)
Place of publication :
Name of publisher New Age intenational Ltd ,
Year of publication 1996.
300 ## - PHYSICAL DESCRIPTION
Number of Pages 620 ; .
500 ## - GENERAL NOTE
General note 20316,19176-77,19189 Scheme
942 ## - ADDED ENTRY ELEMENTS (KOHA)
Koha item type Books
Holdings
Withdrawn status Lost status Damaged status Home library Current library Date acquired Full call number Accession Number Koha item type
      KAUAET   07/04/2012 621.4022 20316 Books
      KAUAET   07/04/2012 621.4022 19177 Books
      KAUAET   07/04/2012 621.4022 19176 Books
Withdrawn     KAUAET   07/04/2012 621.4022 19189 Books
      KAUAET KAUAET 07/04/2012 621.4022 19206 Books
      KAUAET KAUAET 07/04/2012 621.4022 19207 Books
free website counter